000 01641nam0a2200421 4500
001 RU\NLR\bibl\207964
005 20250615175637.0
010 _a5-85803-157-9
_9500
021 _aRU
_b2001-29380
_91406
035 _a(NLR Aleph) 001341575
090 _a864175
_c864175
100 _a20011114d2001 |||y0rusy50 ca
101 0 _arus
102 _aRU
105 _ay |||||||||
200 1 _aРаннесредневековый тюркский литературный язык
_eСловес.-стилист. структуры
_fЛ. Ю. Тугушева
_gРос. акад. наук, Ин-т востоковедения. С.-Петерб. фил.
210 _aСПб.
_cПетерб. востоковедение
_d2001
215 _a173, [3] с.
_d22
225 1 _aOrientalia
300 _aЗагл. на доп.тит.л.: Early medieval turkic literary language/L.Yu. Tugusheva
300 _aТекст на рус. и тюрк. яз.
320 _aБиблиогр.: с. 172-174. Библиогр. в примеч.: с. 175
513 1 _6z17790
_aEarly medieval turkic literary language
606 0 _aТюркские языки литературные
_92234742
_3RU\NLR\auth\661341193
675 _a811.512.1'38
_v3
_zrus
686 _a16.41
_2rugasnti
686 _a81.2Тюрк-5
_2rubbk
686 _aШ163-7
700 1 _aТугушева
_bЛ. Ю.
_4070
790 1 _6z17513
_aTuguseva
_bL. Yu.
_4070
801 0 _aRU
_bRKP
_c20011114
_gPSBO
801 1 _aRU
_bRKP
_c20011114
801 2 _aRU
_bNLR
_c20040316
_grcr
852 _aNLR
_jОЛСАА
942 _cBOOK
980 _aNB